01113nam a2200193Ia 4500001001000000003001000010008004100020040002500061041001300086100001800099245003800117250001100155260005600166300002900222500026200251501011400513520026200627650003000889L220-4435IT-CnALBA170116s9999||||xx |||||||||||||| ||und|| aIT-CnALBAcIT-CnALBA aITALIANO aWERNER KELLER 0aLA BIBBIA AVEVA RAGIONE. VOL. I.  a1a ed. aMILANObGARZANTI ALDO EDITORE c1969 [1° Ed.:1969] a198 p. (prefazione: 711) aBIBBIA STORIA LEGGENDA. PREFAZIONE DI GIUSEPPE RICCIOTTI. 68 ILLUSTRAZIONI. NEL TESTO O FUORI TESTO. TRADUZIONE DAL TEDESCO DI GUIDO GENTILI. ANTICO TESTAMENTO. DA ABRAMO A GIACOBBE. DA GIUSEPPE A MOSÈ. DAL NILO AL GIORDANO. CONQUISTA DELLA TERRA PROMESSA aSocietà San Paolo EM - Piazza San Paolo, 14 - 12051 ALBA (CN) (non commercial uses only) ® Copyright 2017 aBIBBIA STORIA LEGGENDA. PREFAZIONE DI GIUSEPPE RICCIOTTI. 68 ILLUSTRAZIONI. NEL TESTO O FUORI TESTO. TRADUZIONE DAL TEDESCO DI GUIDO GENTILI. ANTICO TESTAMENTO. DA ABRAMO A GIACOBBE. DA GIUSEPPE A MOSÈ. DAL NILO AL GIORDANO. CONQUISTA DELLA TERRA PROMESSA aBIBBIA - TESTI E COMMENTI